00529nam a2200193Ia 4500008004100000041001200041082001200053100004800065245004100113260003500154300000800189365000800197520001200205546001200217630004100229650001200270655001200282730004100294101110s9999 xx 000 0 und d aENGLISH bSR33495 aBhole K.G., Shroff Adarsh & Ranade Abhay J. aA new Course in physics Vol. I SYBSc c2009bSheth publishers, Mumbai a125 b125 aPhysics aENGLISH aA new Course in physics Vol. I SYBSc aPhysics aPhysics aA new Course in physics Vol. I SYBSc